| 000 | 00820nam a2200289 a 4500 | ||
|---|---|---|---|
| 001 | 58337 | ||
| 003 | BD-RJUL | ||
| 005 | 20211209080617.0 | ||
| 008 | 161218s1965 njua b 000 0 eng | ||
| 035 | _aBD-RJUL 58461 | ||
| 035 | _a(OCoLC)00250139 | ||
| 035 | _aGLIS00487895 | ||
| 040 |
_aDLC _cWSU _dOCL _dRCD _beng |
||
| 041 | _aeng | ||
| 082 |
_223 _a332 _bRII 1965 |
||
| 090 |
_aHG3881 _b.W262 |
||
| 099 | _aHG3881.W262 | ||
| 100 | 1 |
_aWard, Richard J. _q(Richard Joseph), _d1921- _9173270 |
|
| 245 | 1 | 0 |
_aInternational finance _c[by] Richard Ward. |
| 260 |
_aEnglewood Cliffs, N.J. : _bPrentice-Hall, _c[1965] |
||
| 300 |
_ax, 213 p. : _bill. ; _c24 cm. |
||
| 504 | _aIncludes bibliographies. | ||
| 650 | 0 |
_aInternational finance. _9173271 |
|
| 942 |
_2ddc _cBK |
||
| 949 | _aMYGD | ||
| 999 |
_c58337 _d58337 |
||